[Event "Rio de Janeiro Estadual-ch"]
[Site "Rio de Janeiro"]
[Date "2001.02.01"]
[Round "4.9"]
[White "Marzullo, Ricardo"]
[Black "D'Oliveira, Marcos Arruda"]
[Result "0-1"]
[WhiteElo "2066"]
[BlackElo "2079"]
[PlyCount "52"]
[EventDate "2001.01.??"]
[EventType "swiss"]
[EventRounds "7"]
[EventCountry "BRA"]
[SourceTitle "EXT 2003"]
[Source "ChessBase"]
[SourceDate "2002.11.25"]
[SourceVersion "1"]
[SourceVersionDate "2002.11.25"]
[SourceQuality "1"]

1. Nf3 Nf6 2. g3 d5 3. Bg2 Nc6 4. 0-0 e5 5. d3 h6 6. Nbd2 e4 7. dxe4 dxe4 8. Ne1 e3 9. fxe3 Ng4 10. Bxc6+ bxc6 11. Ng2 Ba6 12. c4 Bc5 13. Qa4 Bb7 14. Ne4 Qe7 15. Nxc5 Qxc5 16. h3 Nf6 17. Qc2 0-0 18. Kh2 Rad8 19. e4 Rfe8 20. Rf5 Qe7 21. e5 Nd7 22. Be3 c5 23. Raf1 Nxe5 24. Bf4 Nc6 25. Rh5 Qxe2 26. Rf2 Qxh5 0-1